00286nam a2200121Ia 4500008004100000041000900041082001500050100002900065245001500094260003900109300000800148650000800156230718s9999 xx 000 0 und d aEng. a310bMUG-I aMughal, Muhammad Mozamb  0aIncome Tax aPakistanb-Law book publish c2009 a492 aLaw